| 000 | 01283cam a22003377a 4500 | ||
|---|---|---|---|
| 003 | CHAP | ||
| 005 | 20220817043807.0 | ||
| 008 | 010824d2001 mx r 00110 spa d | ||
| 010 | _a84620 | ||
| 011 | _a85592 | ||
| 035 | _a96126 | ||
| 040 | _cCHAP | ||
| 090 | _aTesis | ||
| 100 | 0 | 0 |
_aValdés Narvaez, Victor Manuel. _9117357 |
| 245 | 1 | 0 |
_aComportamiento productivo de pollos de engorda con dietas formuladas bajo el concepto de proteína ideal con diferentes perfiles de aminoácidos digestibles _c/por Víctor Manuel Valdés Narváez |
| 260 |
_aChapingo, Méx. : _bEl autor, _c2001. |
||
| 300 |
_a91 h. ; _bgráfs. |
||
| 502 | _aTesis (M.C. en Producción Animal) -- UACH. Departamento de Zootecnia. Postgrado en Producción Animal | ||
| 590 |
_aALEPH _b10 _c20130110 _lUCH01 _h1443 |
||
| 590 |
_aBATCH-UPD _b10 _c20130110 _lUCH01 _h1849 |
||
| 590 |
_aBATCH-UPD _b10 _c20130410 _lUCH01 _h0007 |
||
| 590 |
_aBATCH-UPD _b10 _c20130914 _lUCH01 _h1926 |
||
| 590 |
_aCONVERSION _b10 _c20130109 _lUCH01 _h1347 |
||
| 650 | 1 | 4 |
_aAminoacidos en nutricion animal. _95342 |
| 650 | 1 | 4 |
_aPollos _xEngorda. |
| 901 | _aBK | ||
| 905 | _aAlejandra Carrasco M. | ||
| 942 | _cFOLL | ||
| 949 |
_bBC _cTES _d33724000853719 _eTS2 _fc.2 _h38515 _i96126 _si |
||
| 949 |
_bBC _cTES _d961261 _eTS1 _h38514 _i96126 _sb |
||
| 999 |
_c84620 _d84620 |
||